Stevie Wonder - Songs in the Key of Life (Tracks) - Statistics

General Stats
  • This quiz has been taken 83 times
  • The average score is 11 of 17
Answer Stats
Track Number Track Name % Correct
5 Sir Duke
90%
16 As
88%
11 Isn't She Lovely
83%
6 I Wish
83%
1 Love's in Need of Love Today
65%
17 Another Star
63%
4 Contusion
63%
8 Pastime Paradise
63%
3 Village Ghetto Land
63%
13 Black Man
62%
9 Summer Soft
58%
2 Have a Talk with God
56%
14 Ngiculela – Es Una Historia – I Am Singing
54%
7 Knocks Me Off My Feet
50%
10 Ordinary Pain
48%
12 Joy Inside My Tears
40%
15 If It's Magic
37%
No matching quizzes found
Score Distribution
Percent of People with Each Score
Percentile by Number Answered
Your Score History
You have not taken this quiz